| 000 | 00985nas a22002891i#4500 | ||
|---|---|---|---|
| 001 | 824 | ||
| 003 | ES-MaACL | ||
| 005 | 20250928101607.0 | ||
| 007 | t| | ||
| 008 | 950801d19281938sp | | 1 ||pa d | ||
| 022 | _a1889-8718 | ||
| 080 | _a(051) | ||
| 245 | 0 | 0 |
_aEstampa _b: revista gráfica y literaria de la actualidad española y mundial / _cdir. Antonio G. de Linares. |
| 260 |
_aMadrid : _bSuc. de Rivadeneyra, _c1928-1938. |
||
| 300 |
_a29 v. : _bgrab. ; _c37 cm. |
||
| 310 | _aSemanal | ||
| 362 | 0 | _aAño 1, n. 1 (3 en. 1928)-(1938) | |
| 530 | _aDisponible en formato digital. | ||
| 650 | 1 | 4 |
_aRevistas de información general. _916896 |
| 700 | 1 |
_aMontiel, Luis, _d1884-1976 _982651 |
|
| 700 | 1 |
_aLinares, Antonio G. de, _d1875-1945 _972331 |
|
| 852 | 4 |
_aES-MaACL _jZ-52 _dOlim: Hem-34 |
|
| 856 |
_uhttp://hemerotecadigital.bne.es/issn/1889-8718 _zHemeroteca Digital |
||
| 866 | 0 | _o1928-32(1933-34)1935(1936). | |
| 942 | _2udc | ||
| 999 |
_c824 _d824 |
||